Practical Cookery for Level 2, NVQS and Apprenticeship (Record no. 3451)

MARC details
000 -LEADER
fixed length control field 00389nam a22001457a 4500
008 - FIXED-LENGTH DATA ELEMENTS--GENERAL INFORMATION
fixed length control field 250513b |||||||| |||| 00| 0 eng d
020 ## - INTERNATIONAL STANDARD BOOK NUMBER
ISBN 9781471839573
100 ## - MAIN ENTRY--AUTHOR
Author Foskett, David
245 ## - TITLE STATEMENT
Title Practical Cookery for Level 2, NVQS and Apprenticeship
260 ## - PUBLICATION, DISTRIBUTION, ETC. (IMPRINT)
Place of publication London
Name of publisher Hodder Education
Date of publication 2018
300 ## - COLLATION
Pagination xii, 636p.
Other physical details ill.
650 ## - TRACINGS
Main Subject Cooking
942 ## - ADDED ENTRY ELEMENTS (KOHA)
Item type Books
050 ## - LIBRARY OF CONGRESS CALL NUMBER
Classification number TX820
Item number .F47
Holdings
Source of classification or shelving scheme Not for loan Permanent location Current location Date acquired Accession No. Full call number Barcode. Koha item type
Library of Congress Classification   Samuel Ogbemudia Main Library, University of Abuja Samuel Ogbemudia Main Library, University of Abuja 05/13/2025 2025/64476 TX820.F47 2025-1917 Books